000 01374cam a22004214i 4500
003 PE-LiUPU
005 20250731173244.0
008 150625s r 000 0 d
035 _a(Sirsi) a35401
040 _aPE-LiUPU
_bspa
_cPE-LiUPU
_erda
082 0 4 _a232.904
_bC26
_221
100 1 _aCarre, A. M.,
_eautor.
245 1 0 _aPara ti ¿Quien es Jesucristo? /
_cA. M. Carre.
264 1 _aMadrid :
_bNarcea,
_c1972.
300 _a148 páginas ;
_c21.3 cm.
336 _atext
_2rdacontent
337 _aunmediated
_2rdamedia
338 _avolume
_2rdacarrier
505 0 _a-He encontrado a Jesucristo. -La pregunta me interesa. -Dar cuenta de mi Fe. -Lo que Jesús dijo de si mismo.
526 _aSEG42
526 _aSEG41
526 _aSEG40
526 _aSEG39
526 _aP94
526 _aP87
526 _aP86
526 _aP85
526 _aP77
526 _aP76
526 _aP35
600 1 _aJesucristo
910 _a
942 _2ddc
_cBOOK
949 _a232.904 C26
_wDEWEY
_c1
_i37163
_lCCODEBUL1
_mBUL
_p00.00
_r0
_sY
_tBOOK
_u2015-06-25
_xBIBLIOTECA
_zUNKNOWN
_0COMPRA
_o.STAFF. Colección General
596 _a1
999 _a232.904 C26
_wDEWEY
_c43362
_i37163
_d43362
_f2021-11-10
_g5
_lCCODEBUL1
_mBUL
_q1
_r0
_sY
_tBOOK
_u2015-6-25
_xTEOLOGIA
_zUNKNOWN
_0COMPRA
_o.STAFF. Colección General
980 _81
_gALBERTO SANCHEZ Responsable de Automatización